000 00736nam a2200241 a 4500
999 _c2127
_d2127
001 2127
003 BD-JhCC
005 20190329134006.0
008 171030s1992 bg |||| ||a| 000 0 ben d
020 _a9840726129
035 _a(BD-JhCC)2127
040 _aBD-JhCC
_dBD-JhCC
041 _aben
082 _a891.4409
_bRAH 1992
100 _aরহমান, হাবিব
245 _aমোতাহের হোসেন চৌধুরীর জীবন ভাবনা /
_cহাবিব রহমান,
260 _aঢাকা :
_bবাংলা একাডেমী,
_c1992
300 _a89 p. :
_c22 cm.
600 _aHossain, Motaher
650 _aBengali Literature
942 _2ddc
_cBK
_02